000 00593nam a2200193 a 4500
001 BRCA_1444
005 20190320203430.0
008 760623s1986 mx-a---###---#000-0#spa-d
020 _a9681606760
050 4 _aBT660.G8
_b.M39 1986
100 1 _aMaza, Francisco de la
_d1913-1972
_9278
245 1 0 _aEl guadalupanismo mexicano
_cFrancisco de la Maza.
260 _aMéxico
_bFCE
_c1986
300 _a130 p.
_bil.
_c18 cm.
440 0 _aTezontle
_94729
650 1 4 _aGuadalupe, nuestra señora de
_xHistoriografía
_94730
650 1 4 _aVirgen de Guadalupe
_xHistoriografía
_94731
942 _2lcc
_cB
999 _c1306
_d1306